000 00510nam a2200181Ia 4500
001 19104
003 GE_BSU
008 181216s||||||||xx |||||||||||||| ||und||
040 _cGE_BSU
245 _aТурбизнес=Travel trade russia №5\336 2016.
245 _cГл.ред. Софья Константинова
260 _aMосква.
260 _c2016
300 _a45стр,ил,28см
653 _aТурбизнес=Travel trade russia
653 _aპერიოდიკა
942 _cCR
999 _c52097
_d52097